Retrato..., un ayer desde hoy : (Record no. 193568)

MARC details
000 -LEADER
campo de control de longitud fija 01944nam a2200397 i 4500
001 - NÚMERO DE CONTROL
campo de control 193568
003 - IDENTIFICADOR DE NÚMERO DE CONTROL
campo de control SpMaBN
005 - FECHA Y HORA DE LA ÚLTIMA TRANSACCIÓN
campo de control 20260316135433.0
007 - CAMPO FIJO DE DESCRIPCIÓN FÍSICA--INFORMACIÓN GENERAL
campo de control de longitud fija ta
008 - DATOS DE LONGITUD FIJA--INFORMACIÓN GENERAL
campo de control de longitud fija 210217s2019 sp a | ||||o000 0dspa
017 ## - NÚMERO DE COPYRIGHT O DE DEPÓSITO LEGAL
Número de copyright o de depósito legal CA 423-2019
Agencia que asigna Oficina Depósito Legal Cádiz
020 ## - NÚMERO INTERNACIONAL ESTÁNDAR DEL LIBRO
Número Internacional Estándar del Libro 9788409149506
040 ## - FUENTE DE CATALOGACIÓN
Centro catalogador/agencia de origen SpMaBN
Lengua de catalogación spa
Centro/agencia transcriptor SpMaBN
Normas de descripción rda
080 ## - NÚMERO DE LA CLASIFICACIÓN DECIMAL UNIVERSAL
Número de la Clasificación Decimal Universal 75 González-Glez., Luis Gonzalo (083.824)
100 1# - ENTRADA PRINCIPAL--NOMBRE DE PERSONA
Nombre de persona González-Glez., Luis Gonzalo,
Fechas asociadas al nombre 1947-2022
Relación aut
Término indicativo de función/relación Autor
9 (RLIN) 234870
245 10 - MENCIÓN DEL TÍTULO
Título Retrato..., un ayer desde hoy :
Resto del título Luis Gonzalo, 1971-2019
264 #1 - PRODUCCIÓN, PUBLICACIÓN, DISTRIBUCIÓN, FABRICACIÓN Y COPYRIGHT
Producción, publicación, distribución, fabricación y copyright [Cádiz] :
Nombre del de productor, editor, distribuidor, fabricante Universidad de Cádiz ;
Producción, publicación, distribución, fabricación y copyright [Jerez de la Frontera] :
Nombre del de productor, editor, distribuidor, fabricante Ayuntamiento de Jerez,
Fecha de producción, publicación, distribución, fabricación o copyright [2019]
300 ## - DESCRIPCIÓN FÍSICA
Extensión 128 páginas :
Otras características físicas ilustraciones (color),
Dimensiones 25 x 30 cm
336 ## - TIPO DE CONTENIDO
Término de tipo de contenido Texto
-- Imagen fija
Fuente rdacontent
337 ## - TIPO DE MEDIO
Nombre/término del tipo de medio sin mediación
Fuente rdamedia
338 ## - TIPO DE SOPORTE
Nombre/término del tipo de soporte volumen
Fuente rdacarrier
500 ## - NOTA GENERAL
Nota general Versión digital disponible en: https://extension.uca.es/wp-content/uploads/2022/07/Luis-Gonzalo.pdf
530 ## - NOTA DISPONIBLE DE FORMULARIO FÍSICO ADICIONAL
Nota de formato físico adicional disponible Versión digital disponible en: https://extension.uca.es/wp-content/uploads/2022/07/Luis-Gonzalo.pdf
585 ## - NOTA DE EXPOSICIONES
Nota de exposiciones Exposición: Sala Pescadería Vieja de Jerez, del 25 de octubre al 24 de noviembre de 2019
600 10 - PUNTO DE ACCESO ADICIONAL DE MATERIA--NOMBRE DE PERSONA
Nombre de persona González-Glez., Luis Gonzalo,
Fechas asociadas al nombre 1947-2022-
Subdivisión de forma Exposiciones
Fuente del encabezamiento o término embne
9 (RLIN) 234871
655 #7 - TERMINO DE INDIZACIÓN--GENERO/FORMA
Datos o término principal de género/forma Catálogos de exposiciones
Fuente del término tgfbne
9 (RLIN) 193628
710 2# - ENTRADA AGREGADA--NOMBRE DE ENTIDAD CORPORATIVA
Nombre de entidad corporativa o nombre de jurisdicción como elemento de entrada Universidad de Cádiz
9 (RLIN) 171718
710 1# - ENTRADA AGREGADA--NOMBRE DE ENTIDAD CORPORATIVA
Nombre de entidad corporativa o nombre de jurisdicción como elemento de entrada Jerez de la Frontera.
Unidad subordinada Ayuntamiento
9 (RLIN) 5345
852 ## - LOCALIZACIÓN
Ubicación ES-MaACL
Sublocalización o colección R. 154924
Ubicación en estantería Depósito J
Número de control de estantería N-9578
Donativo/Legado Donación: Editorial
Encuadernación Encuadernación cartoné
itemnumber 201031
856 4# - LOCALIZACIÓN Y ACCESO ELECTRÓNICOS
Materiales especificados Versión digital
Texto de enlace https://extension.uca.es/wp-content/uploads/2022/07/Luis-Gonzalo.pdf
942 ## - ELEMENTOS DE ENTRADA SECUNDARIOS (KOHA)
Suprimir en OPAC No
Tipo de ítem Koha Libro impreso
Holdings
Estatus retirado Estado de pérdida Fuente del sistema de clasificación o colocación Estado de daño No para préstamo Biblioteca de origen Biblioteca actual Ubicación en estantería Fecha de adquisición Fuente de adquisición Total de préstamos Signatura topográfica completa Código de barras Visto por última vez Tipo de ítem Koha
    Clasificación decimal universal     Biblioteca del Ateneo de Madrid Biblioteca del Ateneo de Madrid Depósito J 15/01/2024 Donación   N-9578 101206307 15/01/2024 Libro impreso